000 01657nam a2200385 c 4500
999 _c405177
_d405177
003 BLK
005 20210402162638.0
008 210402b bul|||||r ||||||| ||bul||
040 _aBLK
041 _aFRE
_cFRE
080 _aМеждународен арбитраж - Международна подсъдност, международни спорове, мирни принудителни мерки, международни съдилища(напр. Европейски съд) и др.
_b341.6
_z341.6
100 _aKamarowsky, Léonide
_eпърви автор
_9446367
139 _aKamarowsky, Léonide
245 _aLe tribunal international
_cLéonide Kamarowsky
257 _aFRA
260 _aParis
_bA. Durand et Pedone Lauriel
_c1887
_9435699
300 _aXXXIV, 528 с.
_c21 см
380 _a3
490 _9435080
_aКолекция Редки и ценни издания
650 4 _aМеждународни съдилища
_9292658
650 4 _aМеждународно право
_9243772
653 _aмеждународно право
653 _aмеждународни съдилища
852 _aЦб 3.215.14211
856 4 _qpdf
856 4 _qpdf
942 _cKNG
_n0
_s1
944 _aCR
_c2021-04-02
_kДГ